header

Heredity, family, and inequality (Record no. 142331)

MARC details
000 -LEADER
fixed length control field 01332nam a2200349 a 4500
082 04 - DEWEY DECIMAL CLASSIFICATION NUMBER
Classification number 155.2/34
100 1# - MAIN ENTRY--AUTHOR NAME
Personal name Beenstock, Michael,
245 10 - TITLE STATEMENT
Title Heredity, family, and inequality
260 ## - PUBLICATION, DISTRIBUTION, ETC. (IMPRINT)
Place of publication Cambridge, Mass. :
Name of publisher MIT Press,
Year of publication c2012.
300 ## - PHYSICAL DESCRIPTION
Number of Pages viii, 474 p. :
Other physical details ill.
650 #0 - SUBJECT ADDED ENTRY--TOPICAL TERM
Topical Term Nature and nurture
Topical Term Heredity.
Topical Term Families.
Topical Term Equality.
Topical Term Social stratification.
856 40 - ELECTRONIC LOCATION AND ACCESS
Uniform Resource Identifier http://site.ebrary.com/lib/rucke/Doc?id=10521945

No items available.

© 2026 Rongo University
Contact us: librarian | system librarian | Rongo university